01112 a2200205 45000010006000000050017000060080041000230030015000640400040000790800053001192450142001722640096003143000019004105050249004290410008006781000086006867000018007727000017007908560099008074840120260407155749.0260407a2018 arg spa dAR-UNSa-BCEJYS aAR-UNSa-BCEJYSbspacAR-UNSa-BCEJYS a339.5xComercio exterior. Comercio Internacional10aPerspectivas del comercio internacional de América Latin y el CaribepLas tensiones comerciales exigen una mayor integración regional 1aSantiago de Chile :bCEPAL (Comisión Económica para América Latina y el Caribe)c2018 a169 p.c27 cm. a1. Repunte del comercio regional en un contexto global incierto – 2. El débil desempeño de la región en el comercio de servicios modernos – 3. América Latina y el Caribe frente a los desafíos del comercio agropecuario mundial.  aspa1 aNaciones Unidas. Comisión Económica para América Latina y el Caribe (CEPAL)1 aCimoli, Mario1 aInoue, Keiji41uhttps://www.biblioeco.unsa.edu.ar/pmb/images/libros/L127890.jpgyImagen de portadaqimage/jpeg